Los primeros colanizadores del nuevo mundo

שמור ב:
מידע ביבליוגרפי
מחבר ראשי: Quesada López, José Manuel (Author)
פורמט: ספר
שפה:ספרדית
יצא לאור: Madrid Arcos Libros 2001
סדרה:Cuadernos de Historia, 91
נושאים:
תגים: הוספת תג
אין תגיות, היה/י הראשונ/ה לתייג את הרשומה!

MARC

LEADER 00000nam a2200000 a 4500
001 UCH1382
003 CL-VaPUC
008 090427e20010000SP |||||||||||||||||spa|d
020 |a 8476354770 
082 0 4 |a 980.013  |b QUE  |2 21 
100 0 |a Quesada López, José Manuel  |e author  |9 535858 
245 1 4 |a Los primeros colanizadores del nuevo mundo 
300 |a 75 p 
942 |c BK 
945 |d 20090427 00:00:00  |a rbrito 
260 |a Madrid  |b Arcos Libros  |c 2001 
650 7 |a DESCUBRIMIENTO DE AMERICA  |2 CL-VaPUC  |9 535859 
650 0 |a Colonización  |9 265172 
650 0 |a Historia de América  |9 266076 
651 0 |a América  |9 255182 
583 |a last modification  |c 20090427 00:00:00  |k Rodrigo Vera 
490 0 |a Cuadernos de Historia, 91 
999 |c 333433  |d 333431 
952 |0 0  |1 0  |4 0  |6 980_013000000000000_QUE_2001  |7 0  |8 A  |9 421817  |a BIBHIS  |b BIBHIS  |d 2019-11-22  |i 4539230  |o 980.013 QUE 2001  |p 4539230  |r 2025-01-20  |w 2019-11-22  |y BK  |k HIS